| 000 | 00000nam##2200000za#4500 |
| 001 | 9.576806 |
| 003 | CaOODSP |
| 005 | 20210624185320 |
| 007 | cr ||||||||||| |
| 008 | 150406|1999||||xxc|||||o f|0| 0 eng|d |
| 040 | |aCaOODSP|beng |
| 043 | |an-cn--- |
| 086 | 1 |aBT31-4/78-1999E-PDF |
| 110 | 1 |aCanada. |bTreasury Board. |
| 245 | 10|aWestern Economic Diversification Canada |h[electronic resource] |
| 260 | |aOttawa - Ontario : |bTreasury Board of Canada Secretariat |c1999. |
| 300 | |a55p. |
| 490 | 1 |aPerformance report for the period ending March 31, 1999 |
| 500 | |aCatalogue number and ISBN for the print edition appear in this electronic version. |
| 590 | |a13-15-Supp|b2013-06-24 |
| 690 | 07|aBudgets|2gcpds |
| 690 | 07|aFinancial management|2gcpds |
| 690 | 07|aProductivity|2gcpds |
| 775 | 08|tDiversification de l'économie de l'Ouest Canada |w(CaOODSP)9.605785 |
| 830 | #0|aPerformance report for the period ending March 31, 1999.|w(CaOODSP)9.506261 |
| 856 | 40|ahttp://publications.gc.ca|qPDF|s434 KB|uhttps://publications.gc.ca/collections/Collection/BT31-4-78-1999E.pdf |